[Event "Titled Tuesday intern op 17th Jan Late"]
[Site "Chess.com INT"]
[Date "2023.01.17"]
[Round "4"]
[White "Gavilan Diaz, Mario"]
[Black "Kohler, Aran"]
[Result "1-0"]
[WhiteElo "2271"]
[BlackElo "2010"]
[PlyCount "99"]
[EventDate "2023.01.17"]
[EventType "swiss (blitz)"]
[EventRounds "11"]
[EventCountry "USA"]
[SourceTitle "CBM 212 Extra"]
[Source "ChessBase"]
[SourceDate "2023.03.31"]
[SourceVersion "1"]
[SourceVersionDate "2023.03.31"]
[SourceQuality "1"]

1. d4 Nf6 2. c4 c5 3. d5 b5 4. Qc2 g6 5. b3 Bg7 6. Bb2 0-0 7. e4 bxc4 8. bxc4 d6 9. Nd2 Nbd7 10. Ngf3 Rb8 11. Bc3 Ng4 12. h3 Nge5 13. Nxe5 Bxe5 14. Be2 Bxc3 15. Qxc3 e5 16. 0-0 f5 17. f4 exf4 18. exf5 Qf6 19. Qxf6 Rxf6 20. fxg6 hxg6 21. Bg4 Ne5 22. Ne4 Rf8 23. Bxc8 Rbxc8 24. Nxd6 Rb8 25. Rae1 Nd3 26. Re7 a5 27. Ne4 Rb2 28. Rd1 Nb4 29. Nxc5 Rxa2 30. Ne6 Rf6 31. Rf1 Rc2 32. Rxf4 Rxf4 33. Nxf4 Rxc4 34. Nxg6 Nxd5 35. Re5 Nc3 36. Rxa5 Kg7 37. Ne5 Re4 38. Nf3 Re2 39. Kh2 Ne4 40. Re5 Nc3 41. Rc5 Ne4 42. Rc4 Kf6 43. h4 Nd6 44. Rf4+ Ke6 45. Ng5+ Ke5 46. Rf8 Ra2 47. Kh3 Nf5 48. Nf3+ Ke6 49. Re8+ Kf7 50. Re5 1-0